K niektorým otázkam väzieb medzi exportom a vedecko-technickým rozvojom pri zvyšovaní exportnej výkonnosti strojárskej výroby v podmienkach MSDP s osobitným zreteľom na problematiku VHJ ZTS Martin kandidátska dizertačná práca
Guardado en:
| Autor principal: | |
|---|---|
| Autor Corporativo: | |
| Otros Autores: | |
| Formato: | Libro |
| Lenguaje: | eslovaco |
| Publicado: |
Bratislava
1986
|
| Materias: | |
| Etiquetas: |
Sin Etiquetas, Sea el primero en etiquetar este registro!
|
MARC
| LEADER | 00000nam a2200000 4500 | ||
|---|---|---|---|
| 001 | c002734 | ||
| 005 | 20221219100533.6 | ||
| 041 | 0 | |a slo | |
| 044 | |a SK | ||
| 245 | 1 | 0 | |a K niektorým otázkam väzieb medzi exportom a vedecko-technickým rozvojom pri zvyšovaní exportnej výkonnosti strojárskej výroby v podmienkach MSDP s osobitným zreteľom na problematiku VHJ ZTS Martin |b kandidátska dizertačná práca |c Ján Mikuláš ; Škol. Rimma Adamovicová |
| 264 | 1 | |a Bratislava |c 1986 | |
| 300 | |a 162 s. | ||
| 610 | 2 | 0 | |a rozvoj vedeckotechnický |
| 610 | 2 | 0 | |a vývoz |
| 610 | 2 | 0 | |a obchod zahraničný |
| 610 | 2 | 0 | |a výroba strojárska |
| 610 | 2 | 0 | |a deľba práce medzinárodná |
| 610 | 2 | 0 | |a ČSSR |
| 100 | 1 | |a Mikuláš, Ján | |
| 700 | 1 | |a Adamovicová, Rimma | |
| 710 | 2 | |a Vysoká škola ekonomická v Bratislave | |